Vista normal
Vista MARC
Entrada Personal Name
Número de registros utilizados en: 1
001 - CONTROL NUMBER
- control field: 17519
003 - CONTROL NUMBER IDENTIFIER
- control field: DLC
005 - DATE AND TIME OF LATEST TRANSACTION
- control field: 20250926105956.0
008 - FIXED-LENGTH DATA ELEMENTS
- fixed length control field: 781122n| azannaabn |a aaa
010 ## - LIBRARY OF CONGRESS CONTROL NUMBER
- LC control number: n 78087577
035 ## - SYSTEM CONTROL NUMBER
- System control number: (OCoLC)oca00222760
040 ## - CATALOGING SOURCE
- Original cataloging agency: DLC
- Language of cataloging: spa
- Description conventions: rda
- Transcribing agency: Mx-PuUPA
- Modifying agency: DLC
- Modifying agency: OCoLC
- Modifying agency: NcU
- Modifying agency: MoSU
- Modifying agency: Mx-PuUPA
046 ## - SPECIAL CODED DATES
- Birth date: 19470214
- Source of date scheme: edtf
053 #0 - LC CLASSIFICATION NUMBER
- Classification number element--single number or beginning number of span: PS3563.E885
100 1# - HEADING--PERSONAL NAME
- Personal name: Meyer, Thomas,
- Dates associated with a name: 1947-
370 ## - ASSOCIATED PLACE
- Place of birth: Seattle (Washington)
- Associated country: Estados Unidos
- Place of residence/headquarters: Carolina del Northe
- Source of term: naf
373 ## - ASSOCIATED GROUP
- Associated group: Sociedad de la jerga
- Source of term: naf
374 ## - OCCUPATION
- Occupation: Poeta
- Occupation: Traductor
- Occupation: Autor
- Source of term: lcsh
375 ## - GENDER
- Gender: hombre
377 ## - ASSOCIATED LANGUAGE
- Language code: eng
400 1# - SEE FROM TRACING--PERSONAL NAME
- Personal name: Meyer, Tom,
- Dates associated with a name: 1947-
670 ## - SOURCE DATA FOUND
- Source citation: Uranian roses, 1977:
- Information found: title page (Tom Meyer) title page verso (copyright: Thomas Meyer)
670 ## - SOURCE DATA FOUND
- Source citation: Staves, calends, legends, 1979:
- Information found: title page (Thomas Meyer) cover flap (born on St. Valentine's Day in 1947; his books include Uranian roses)
670 ## - SOURCE DATA FOUND
- Source citation: Sappho's raft, 1982:
- Information found: title page (Thomas Meyer) back cover (born in Seattle; resides in North Carolina)
670 ## - SOURCE DATA FOUND
- Source citation: Beowulf : a translation, 2012:
- Information found: title page (Thomas Meyer [translator])
670 ## - SOURCE DATA FOUND
- Source citation: Punctum (publisher) website, viewed May 20, 2021
- Information found: (Thomas Meyer; born on Saint Valentine's Day; has always lived where there are cows and there is rain: for many years in the Yorkshire Dales, but now and more recently above a vineyard in North Carolina, at the southernmost end of the Appalachians, on the western slope of Happy Hill at Skywinding Farm. After graduating from Bard College, he joined Jonathan Williams in forty years of domestic partnership and advocacy of the Jargon Society. His recent books include At dusk iridescent (a gathering of poems, 1972-97); Coromandel; and a translation of the Dao de jing; he has also published a translation of Beowulf)
- Uniform Resource Identifier: https://punctumbooks.com/titles/thomas-meyer-beowulf/